000
00297nam a22001337a 4500
008
210302b ||||| |||| 00| 0 eng d
020
_a
9780691002408
041
_a
eng
080
_a
34
100
_a
13
101
_a
JUR
245
_a
American Constitutionalism
_c
Griffin ,M.S
942
_2
udc
_c
BK
999
_c
55444
_d
55444